000 00632nam a2200217Ia 4500
003 OSt
005 20221007065436.0
006 a|||||r|||| 00| 0
007 ta
008 221006b |||||||| |||| 00| 0 eng d
024 _a42,856
037 _cDissertations
040 _aFLL
_cFLL
_beng
041 _2eng
_aeng
100 _aChauhan Samridhi
_9687015
245 0 _aUnfair trade practices and protection of consumer interest under consumer protection act
260 _aFaculty
_bof law University of Delhi
_c2015
300 _a141 xiii
_ccm.
942 _cDIS
_2CC
999 _c1137298
_d1137298